[Event "GER-chT Lands U20"]
[Site "Hannover"]
[Date "2023.10.01"]
[Round "2"]
[White "Kalina, Lena"]
[Black "Bardorz, Jana"]
[Result "1/2-1/2"]
[WhiteElo "1750"]
[BlackElo "2057"]
[PlyCount "93"]
[EventDate "2023.10.01"]
[EventType "team-swiss"]
[EventRounds "7"]
[EventCountry "GER"]
[SourceTitle "EXT 2024"]
[Source "ChessBase"]
[SourceDate "2023.10.10"]
[SourceVersion "1"]
[SourceVersionDate "2023.10.10"]
[SourceQuality "1"]

1. d4 Nf6 2. c4 g6 3. Nf3 Bg7 4. g3 0-0 5. Bg2 d6 6. Nc3 Nbd7 7. 0-0 e5 8. Qc2 exd4 9. Nxd4 Nb6 10. b3 c5 11. Ndb5 a6 12. Na3 d5 13. cxd5 Nfxd5 14. Bb2 Nb4 15. Qc1 Qe7 16. Ne4 Nd7 17. Bxg7 Kxg7 18. Qc3+ f6 19. Rfc1 Nc6 20. Nxc5 Nde5 21. b4 Bf5 22. Nc4 Nxc4 23. Qxc4 Rac8 24. e4 Bd7 25. a3 Nd8 26. Qd4 Be6 27. Rd1 Nf7 28. Nxe6+ Qxe6 29. Qd7 Qb6 30. Rac1 Rxc1 31. Rxc1 Rd8 32. Qe7 Rd2 33. Rf1 Kg8 34. h4 Rd3 35. Kh2 Rxa3 36. Bh3 Qd6 37. Qe8+ Kg7 38. Be6 Ne5 39. Qg8+ Kh6 40. Kh3 Rf3 41. Bd5 Qxb4 42. Rc1 Rxf2 43. Rc7 Rh2+ 44. Kxh2 Nf3+ 45. Kg2 Qd2+ 46. Kxf3 Qd3+ 47. Kf2 1/2-1/2

[Event "GER-ch Youth-B"]
[Site "Willingen"]
[Date "2022.06.05"]
[Round "2"]
[White "Visvikis, Kassandra"]
[Black "Kalina, Lena"]
[Result "0-1"]
[WhiteElo "1626"]
[BlackElo "1735"]
[PlyCount "178"]
[EventDate "2022.06.04"]
[EventType "swiss"]
[EventRounds "9"]
[EventCountry "GER"]
[SourceTitle "CBM 208 Extra"]
[Source "ChessBase"]
[SourceDate "2022.07.31"]
[SourceVersion "1"]
[SourceVersionDate "2022.07.31"]
[SourceQuality "1"]

1. e4 c5 2. Nf3 Nc6 3. d4 cxd4 4. Nxd4 g6 5. Nc3 Bg7 6. Be3 Nf6 7. Bc4 0-0 8. Bb3 Qa5 9. 0-0 d6 10. Re1 Ng4 11. Nxc6 bxc6 12. Bd2 Qe5 13. g3 Qh5 14. h4 Bd4 15. Rf1 Qc5 16. Qf3 Ne5 17. Qf4 Bh3 18. Rfd1 Bg4 19. Na4 Qb5 20. c4 Qa6 21. Rdc1 c5 22. Bc3 Bd7 23. Bxd4 cxd4 24. Nc5 dxc5 25. Qxe5 Qd6 26. Qd5 Bc6 27. Qxd6 exd6 28. f3 Rab8 29. Rab1 Rb7 30. Bc2 Rfb8 31. b3 a5 32. Kf2 f6 33. g4 Kg7 34. Rg1 Re8 35. Rbe1 Rbe7 36. g5 Rf7 37. h5 fxg5 38. Rxg5 Ref8 39. Rg3 Rf4 40. hxg6 hxg6 41. Reg1 R4f6 42. Rh1 Bd7 43. Bd3 Rb8 44. Rhg1 Be8 45. Rg5 a4 46. Bc2 axb3 47. Bxb3 Bc6 48. Ke2 Rh8 49. R5g3 Rh2+ 50. R1g2 Rxg2+ 51. Rxg2 Rf8 52. Rf2 Ra8 53. Kd3 Re8 54. Rb2 Rb8 55. Rb1 Ra8 56. Ra1 Ba4 57. Kc2 Kf6 58. f4 Bxb3+ 59. Kxb3 Rb8+ 60. Kc2 g5 61. fxg5+ Kxg5 62. Rf1 Re8 63. Kd3 Ra8 64. Rf2 Ra3+ 65. Ke2 Rxa2+ 66. Ke1 Rxf2 67. Kxf2 Kf4 68. Ke2 Kxe4 69. Kd2 d5 70. cxd5 Kxd5 71. Kc2 c4 72. Kd2 Ke4 73. Ke2 c3 74. Kd1 d3 75. Kc1 Ke3 76. Kd1 Kf2 77. Kc1 Ke2 78. Kb1 d2 79. Kc2 d1Q+ 80. Kxc3 Qd3+ 81. Kb4 Qc2 82. Kb5 Qc7 83. Kb4 Qc6 84. Kb3 Qc5 85. Kb2 Qc4 86. Ka3 Qb5 87. Ka2 Kd3 88. Ka3 Kc3 89. Ka2 Qb2# 0-1

[Event "GER-ch U16 Girls"]
[Site "Willingen"]
[Date "2021.08.26"]
[Round "5"]
[White "Cordes, Jule Johanne"]
[Black "Kalina, Lena"]
[Result "1/2-1/2"]
[WhiteElo "1790"]
[BlackElo "1605"]
[PlyCount "64"]
[EventDate "2021.08.22"]
[EventType "swiss"]
[EventRounds "9"]
[EventCountry "GER"]
[SourceTitle "EXT 2022"]
[Source "ChessBase"]
[SourceDate "2021.10.06"]
[SourceVersion "1"]
[SourceVersionDate "2021.10.06"]
[SourceQuality "1"]

1. d4 d5 2. c4 c6 3. Nc3 Nf6 4. Nf3 dxc4 5. a4 Bf5 6. e3 e6 7. Bxc4 Bb4 8. 0-0 0-0 9. Ne2 Be7 10. Ng3 Bg6 11. Ne5 Nbd7 12. Nxg6 hxg6 13. a5 b5 14. Be2 a6 15. Bf3 Rc8 16. Bd2 e5 17. Rc1 c5 18. dxc5 Nxc5 19. b4 e4 20. Be2 Nd3 21. Rxc8 Qxc8 22. Nxe4 Nxb4 23. Nxf6+ gxf6 24. Qb3 Nc6 25. h3 Qe6 26. Qxe6 fxe6 27. Rc1 Ne5 28. Rc7 Rd8 29. Be1 Rd7 30. Rc8+ Rd8 31. Rc7 Rd7 32. Rc8+ Rd8 1/2-1/2

[Event "GER-chT Christmas U20 Girls"]
[Site "Playchess.com INT"]
[Date "2020.12.29"]
[Round "2.2"]
[White "Voigt, Anastasia"]
[Black "Kalina, Lena"]
[Result "1/2-1/2"]
[WhiteElo "1738"]
[BlackElo "1585"]
[PlyCount "138"]
[EventDate "2020.12.29"]
[EventType "team-swiss (blitz)"]
[EventRounds "7"]
[EventCountry "GER"]
[SourceTitle "CBM 200 Extra"]
[Source "ChessBase"]
[SourceDate "2021.03.31"]
[SourceVersion "1"]
[SourceVersionDate "2021.03.31"]
[SourceQuality "1"]
[WhiteTeam "Halle USV"]
[BlackTeam "Landskrone"]
[WhiteTeamCountry "GER"]
[BlackTeamCountry "GER"]

1. e4 c5 2. Nf3 Nc6 3. d4 cxd4 4. Nxd4 g6 5. Nc3 Bg7 6. Be3 Nf6 7. Bc4 0-0 8. Bb3 Qa5 9. f3 d6 10. Qd2 Bd7 11. 0-0-0 Rac8 12. Kb1 a6 13. g4 b5 14. h4 b4 15. Nce2 Nxd4 16. Nxd4 Ba4 17. Bh6 Bxb3 18. Nxb3 Qb5 19. Bxg7 Kxg7 20. Qg2 h5 21. gxh5 Nxh5 22. Rd5 Nf4 23. Rxb5 Nxg2 24. Rxb4 Ne3 25. c3 Nc4 26. Rb7 e6 27. Kc1 Rb8 28. Rb4 Rfc8 29. Rxb8 Rxb8 30. Rh2 a5 31. Nd4 Rc8 32. b3 Ne5 33. Kd2 Nc6 34. Nxc6 Rxc6 35. h5 Rc5 36. hxg6 fxg6 37. Rg2 Kf6 38. f4 Rb5 39. Kc2 e5 40. fxe5+ Rxe5 41. Re2 Rb5 42. a3 g5 43. b4 g4 44. a4 Rb8 45. b5 Rc8 46. Kd3 Ke5 47. b6 Rb8 48. Rb2 Kf4 49. Kd4 Kf3 50. c4 g3 51. Rb3+ Kg4 52. Ke3 Rb7 53. Rb2 Rb8 54. b7 Kh4 55. Kf3 Rf8+ 56. Ke3 Rb8 57. Kf3 Rf8+ 58. Kg2 Rb8 59. Rb3 Kh5 60. Rb5+ Kg4 61. Rb3 Kf4 62. Rxg3 Rxb7 63. Rg6 Kxe4 64. Rxd6 Rb4 65. Ra6 Rxa4 66. c5 Kd5 67. c6 Rc4 68. Rxa5+ Kxc6 69. Ra8 Rb4 1/2-1/2

[Event "GER-ch U16 Girls"]
[Site "Willingen"]
[Date "2020.10.23"]
[Round "6"]
[White "Falke, Ornella"]
[Black "Kalina, Lena"]
[Result "1-0"]
[WhiteElo "1500"]
[BlackElo "1561"]
[PlyCount "169"]
[EventDate "2020.10.19"]
[EventType "swiss"]
[EventRounds "7"]
[EventCountry "GER"]
[SourceTitle "EXT 2022"]
[Source "ChessBase"]
[SourceDate "2021.10.06"]
[SourceVersion "1"]
[SourceVersionDate "2021.10.06"]
[SourceQuality "1"]

1. d4 Nf6 2. c4 g6 3. Nc3 Bg7 4. e4 d6 5. f3 0-0 6. Be3 c5 7. Nge2 Nc6 8. d5 Ne5 9. Ng3 Rb8 10. Be2 a6 11. Qd2 Bd7 12. a4 Qa5 13. 0-0 Qb4 14. b3 Ne8 15. Na2 Qxd2 16. Bxd2 b5 17. axb5 axb5 18. Nc3 bxc4 19. bxc4 Nc7 20. Ra7 Rfc8 21. f4 Ng4 22. Nb5 Nxb5 23. Rxd7 Nf6 24. Rxe7 Nd4 25. e5 Nxe2+ 26. Nxe2 Ne4 27. Ba5 Kf8 28. Rc7 dxe5 29. fxe5 Rxc7 30. Bxc7 Rc8 31. Nf4 Ke8 32. Re1 Nd2 33. d6 Kd7 34. Nd5 Rf8 35. Nb6+ Kc6 36. Kf2 Nb3 37. Kg3 Nd4 38. Nd5 Re8 39. Ne7+ Kd7 40. Bb6 Ne6 41. Kf2 Ra8 42. Nd5 Ra2+ 43. Kf1 Rc2 44. Bc7 Nd4 45. Bb8 Rb2 46. Ba7 Ne6 47. Re3 Rb7 48. Rf3 Ke8 49. Bb6 Bxe5 50. Nc7+ Nxc7 51. dxc7 Bxc7 52. Bxc5 Rb1+ 53. Ke2 Kd7 54. Rxf7+ Kc6 55. Rxh7 Bf4 56. Bd4 Rc1 57. c5 Rc2+ 58. Kf3 Bc1 59. Rg7 g5 60. h3 Rc4 61. Bf6 Rxc5 62. Kg4 Rc2 63. g3 Rc4+ 64. Kh5 Kd5 65. Bxg5 Bb2 66. Rg8 Ke6 67. Rf8 Bg7 68. Rf4 Rc3 69. Rg4 Be5 70. Bf4 Bf6 71. h4 Rc8 72. Rg6 Kf7 73. g4 Rh8+ 74. Rh6 Rg8 75. g5 Bg7 76. Rb6 Rh8+ 77. Kg4 Bd4 78. Rc6 Ra8 79. Rc7+ Kg8 80. g6 Ra4 81. Kg5 Ra5+ 82. Kh6 Ra8 83. Rb7 Ba7 84. Rg7+ Kf8 85. Bd6+ 1-0

[Event "GER-ch U16 Girls"]
[Site "Willingen"]
[Date "2020.10.23"]
[Round "5"]
[White "Kalina, Lena"]
[Black "Schnabel, Luise"]
[Result "1/2-1/2"]
[WhiteElo "1561"]
[BlackElo "1867"]
[PlyCount "122"]
[EventDate "2020.10.19"]
[EventType "swiss"]
[EventRounds "7"]
[EventCountry "GER"]
[SourceTitle "EXT 2022"]
[Source "ChessBase"]
[SourceDate "2021.10.06"]
[SourceVersion "1"]
[SourceVersionDate "2021.10.06"]
[SourceQuality "1"]

1. c4 Nf6 2. Nc3 g6 3. g3 Bg7 4. Bg2 0-0 5. e4 e5 6. Nge2 d6 7. 0-0 Nc6 8. d3 Nd7 9. Be3 Nc5 10. b3 Bd7 11. Rc1 Qc8 12. d4 exd4 13. Nxd4 Ne5 14. Nd5 Qd8 15. b4 Na6 16. a3 c6 17. Nf4 Ng4 18. Nc2 Nxe3 19. Nxe3 Qe7 20. Qb3 Be6 21. Nxe6 fxe6 22. Rcd1 Kh8 23. Rd2 Rad8 24. Rfd1 Rd7 25. Nc2 Nc7 26. Nd4 e5 27. Nc2 Rdd8 28. Qe3 a6 29. Rd3 Ne8 30. c5 Rf6 31. Qd2 Qf8 32. f3 Bh6 33. Qe2 Nc7 34. Ne3 Bxe3+ 35. Qxe3 Nb5 36. Qd2 h6 37. a4 Nd4 38. f4 dxc5 39. fxe5 Nf3+ 40. Bxf3 Rxd3 41. Qxd3 Rxf3 42. Qd7 Rf7 43. Qd6 cxb4 44. Qxg6 b3 45. Rb1 Rf3 46. Qe6 h5 47. Qc4 b5 48. Qxc6 bxa4 49. Qxa4 Qc5+ 50. Kh1 Qxe5 51. Rxb3 Rxb3 52. Qxb3 Qxe4+ 53. Kg1 Qe5 54. Qb6 a5 55. Qh6+ Kg8 56. Qg6+ Kf8 57. Qc6 Ke7 58. Qb7+ Kf6 59. Qc6+ Kf5 60. Qf3+ Ke6 61. Qc6+ Ke7 1/2-1/2

[Event "GER-ch U16 Girls"]
[Site "Willingen"]
[Date "2020.10.20"]
[Round "1"]
[White "Kalina, Lena"]
[Black "Rudolph, Eva"]
[Result "0-1"]
[WhiteElo "1561"]
[BlackElo "1836"]
[PlyCount "66"]
[EventDate "2020.10.19"]
[EventType "swiss"]
[EventRounds "7"]
[EventCountry "GER"]
[SourceTitle "EXT 2022"]
[Source "ChessBase"]
[SourceDate "2021.10.06"]
[SourceVersion "1"]
[SourceVersionDate "2021.10.06"]
[SourceQuality "1"]

1. d4 d5 2. c4 e5 3. dxe5 d4 4. Nf3 Nc6 5. a3 Nge7 6. e3 Nf5 7. exd4 Nfxd4 8. Nxd4 Qxd4 9. Nc3 Be6 10. Nb5 Qxd1+ 11. Kxd1 0-0-0+ 12. Kc2 Bf5+ 13. Kb3 a6 14. Nc3 Nd4+ 15. Ka2 Nc2 16. Rb1 Be7 17. Bf4 c6 18. Rd1 Rxd1 19. Nxd1 Rd8 20. Ne3 Nxe3 21. Bxe3 Rd1 22. g3 Bb1+ 23. Kb3 Kb8 24. Bg2 Rd3+ 25. Ka4 Bc2+ 26. Ka5 Rb3 27. Bb6 Rxb2 28. Ra1 Rb3 29. Ra2 Bb1 30. Ra1 Bc2 31. Ra2 Bd3 32. c5 Rb5+ 33. Ka4 Bc4 0-1

[Event "GER-chT U14"]
[Site "Magdeburg"]
[Date "2019.12.29"]
[Round "5.8"]
[White "Kittel, Lennart"]
[Black "Kalina, Lena"]
[Result "1-0"]
[WhiteElo "1493"]
[BlackElo "1571"]
[PlyCount "115"]
[EventDate "2019.12.27"]
[EventType "team-swiss"]
[EventRounds "7"]
[EventCountry "GER"]
[SourceTitle "CBM 194 Extra"]
[Source "ChessBase"]
[SourceDate "2020.03.31"]
[SourceVersion "1"]
[SourceVersionDate "2020.03.31"]
[SourceQuality "1"]
[WhiteTeam "Goeppingen"]
[BlackTeam "Landskrone"]
[WhiteTeamCountry "GER"]
[BlackTeamCountry "GER"]

1. d4 Nf6 2. c4 g6 3. Nc3 Bg7 4. e4 d6 5. Be2 0-0 6. Be3 Nbd7 7. g4 c5 8. d5 Nb6 9. g5 Ne8 10. h4 e6 11. h5 exd5 12. cxd5 f5 13. hxg6 hxg6 14. Qd2 Nc7 15. f3 Be5 16. Bf4 Qe7 17. 0-0-0 Bd7 18. Bd3 Rae8 19. Qh2 Qg7 20. Nge2 Kf7 21. exf5 Bxf5 22. Bxf5 gxf5 23. Qh5+ Ke7 24. Qh7 Rf7 25. Qxg7 Bxf4+ 26. Nxf4 Rxg7 27. Rde1+ Kd7 28. Rxe8 Kxe8 29. g6 Nd7 30. Rh7 Kf8 31. Nb5 Rxh7 32. gxh7 Kg7 33. Nxc7 Nf6 34. Nb5 Ne8 35. Nxa7 Kxh7 36. Kd2 Kh6 37. Ke3 Kg5 38. Ne6+ Kf6 39. Kf4 Kg6 40. Nb5 Nf6 41. Nec7 Nh5+ 42. Ke3 Kf6 43. Nxd6 b6 44. Nc4 Ke7 45. Nxb6 Nf6 46. Kf4 Kd8 47. Nb5 Nh5+ 48. Kxf5 Ng3+ 49. Ke6 Ne2 50. d6 Nf4+ 51. Kf7 Nd3 52. Na7 Ne5+ 53. Ke6 c4 54. Kxe5 c3 55. bxc3 Ke8 56. d7+ Kd8 57. Nc6+ Kc7 58. d8Q+ 1-0

[Event "GER-chT Federal Cup (Women)"]
[Site "Braunfels"]
[Date "2019.06.21"]
[Round "2.52"]
[White "Neumann, Ramona"]
[Black "Kalina, Lena"]
[Result "0-1"]
[WhiteElo "1709"]
[BlackElo "1687"]
[PlyCount "56"]
[EventDate "2019.06.20"]
[EventType "team-swiss"]
[EventRounds "5"]
[EventCountry "GER"]
[SourceTitle "CBM 191 Extra"]
[Source "ChessBase"]
[SourceDate "2019.09.30"]
[SourceVersion "1"]
[SourceVersionDate "2019.09.30"]
[SourceQuality "1"]

1. e4 c5 2. Nf3 Nc6 3. d4 cxd4 4. Nxd4 g6 5. Nc3 Bg7 6. Be3 Nf6 7. f3 0-0 8. Qd2 d5 9. exd5 Nb4 10. Be2 Nfxd5 11. Nxd5 Nxd5 12. Bf2 e5 13. Nb3 Nf4 14. Bf1 b6 15. g3 Ne6 16. Be2 Bb7 17. 0-0 e4 18. fxe4 Bxb2 19. Rab1 Qxd2 20. Nxd2 Bc3 21. Rbd1 Rad8 22. Nb1 Bg7 23. Bd3 Ng5 24. Nd2 f5 25. Rfe1 fxe4 26. Bc4+ Kh8 27. Be3 Rxd2 28. Bxg5 Bd4+ 0-1

[Event "BL2 Sued 1819 (Women)"]
[Site "Germany"]
[Date "2018.10.28"]
[Round "2.5"]
[White "Froehlich, Franziska"]
[Black "Kalina, Lena"]
[Result "1/2-1/2"]
[WhiteElo "1823"]
[BlackElo "1439"]
[PlyCount "82"]
[EventDate "2018.10.27"]
[EventType "team-tourn"]
[EventRounds "7"]
[EventCountry "GER"]
[SourceTitle "CBM 190 Extra"]
[Source "ChessBase"]
[SourceDate "2019.07.15"]
[SourceVersion "1"]
[SourceVersionDate "2019.07.15"]
[SourceQuality "1"]
[WhiteTeam "Stuttgart Wolfbusch (W)"]
[BlackTeam "Mainz Schott (W)"]
[WhiteTeamCountry "GER"]
[BlackTeamCountry "GER"]

1. e4 c5 2. c3 g6 3. Nf3 Bg7 4. d4 cxd4 5. cxd4 d5 6. e5 a6 7. Nc3 Bg4 8. Be2 Nc6 9. 0-0 e6 10. Be3 Nge7 11. Qd2 Nf5 12. Rfd1 0-0 13. Rac1 Rc8 14. h3 Bxf3 15. Bxf3 Rc7 16. Bg4 Nxe3 17. Qxe3 Qe7 18. Ne2 Rfc8 19. Nf4 Rd8 20. Rc3 Rdd7 21. Nd3 Na7 22. Nc5 Rd8 23. Rdc1 Nb5 24. R3c2 Rdc8 25. Bd1 a5 26. a4 Na7 27. Rc3 b6 28. Nb3 Rxc3 29. Rxc3 Rxc3 30. Qxc3 Qd7 31. Nd2 Qc6 32. Kf1 Qxc3 33. bxc3 b5 34. Ke2 Bf8 35. Kd3 b4 36. Nb3 bxc3 37. Nxa5 Bb4 38. Nb7 Nc6 39. Bb3 Kf8 40. Nc5 Ke7 41. f4 Kf8 1/2-1/2